LEADER 00997nam0-2200337 --450 001 9910312108003321 005 20190329111736.0 010 $a978-88-575-4272-0 100 $a20190329d2017----kmuy0itay5050 ba 101 1 $aita 102 $aIT 105 $ay 001yy 200 1 $aMein Kampf$fAdolf Hitler$ga cura di Vincenzo Pinto, Associazione Free Ebrei 210 $aMilano$aUdine$cMimesis$d2017 215 $av.$d21 cm 327 0 $a1.: Resa dei conti 610 0 $aHitler, Adolf$aPensiero politico 610 0 $aNazionalsocialismo$aDottrina 610 0 $aHitler, Adolf. Mein kampf 676 $a320.5330943$v22$zita 676 $a943.086$v22$zita 700 1$aHitler,$bAdolf$f<1889-1945>$0203874 702 1$aPinto,$bVincenzo 712 02$aAssociazione Free Ebrei 801 $aIT$bUNINA$gREICAT$2UNIMARC 901 $aBK 912 $a9910312108003321 952 $a320.533 HIT 1 (1)$bBIBL. 2019$fFLFBC 959 $aFLFBC 996 $aMein Kampf$91221341 997 $aUNINA LEADER 01928nam 2200409 n 450 001 996390505303316 005 20221108073636.0 035 $a(CKB)4940000000102294 035 $a(EEBO)2248587653 035 $a(UnM)99841767 035 $a(EXLCZ)994940000000102294 100 $a19910413d1605 uy | 101 0 $aeng 135 $aurbn||||a|bb| 200 12$aA silver watch-bell$b[electronic resource] $eThe sound wherof is able (by the grace of God) to win the most profane worldling, and carelesse liuer, if there be but the least sparke of grace remaining in him, to become a true Christian indeed, that in the end he may obtaine euerlasting saluation. Wherunto is annexed a treatise of the holy Sacrament of the Lords Supper 210 $aImprinted at London $cBy T. C[reede] for William Cotton, and are to be sold at his shop adioyning to Ludgate$d1605 215 $a[8], 248 [i.e. 276] p 300 $aBy Thomas Tymme. 300 $aPrinter's name from STC. 300 $aIncludes, with caption title: The court of conscience: wherein euery sinner may examine and trie himselfe, whether he be fitly prepared to receiue the blessed sacrament of the Lords supper. 300 $aPages 127, 140 and 278 misnumbered 27, 142 and 248; pages 129-30 missing in number only. 300 $aSome print show-through and some pages marked and stained; pages 143-44 lacking. 300 $aReproduction of the original in the Folger Shakespeare Library. 330 $aeebo-0055 606 $aLord's Supper$vPrayer-books and devotions$vEarly works to 1800 606 $aChristian life$vEarly works to 1800 615 0$aLord's Supper 615 0$aChristian life 700 $aTymme$b Thomas$fd. 1620.$0845471 801 0$bCu-RivES 801 1$bCu-RivES 801 2$bCStRLIN 801 2$bWaOLN 906 $aBOOK 912 $a996390505303316 996 $aA silver watch-bell$91887141 997 $aUNISA